• 首页
  • 本馆介绍
  • 公告通知
  • 最新文献
  • 馆藏检索
  • 电子资源
  • 读者导购
  • 参考咨询
  • 我的图书馆
  • 登录
  • 详细信息显示
  • 放入我的书架
  • 预约/预借图书
  • 作者相关作品
  • 分类相关作品
  • 丛书相关作品
  • 出版社相关作品

书目信息

  • 表格格式
  • 工作单格式
  • 卡片格式
题名:
旅游概论
    
 
作者: 杨时进 , 江新懋 著
分册:  
出版信息: 北京   中国旅游出版社  1983
页数: 196页
开本: 19cm
丛书名:
单 册:
中图分类: F59
科图分类:
主题词: 旅游--概论 , 旅游经济
电子资源:
ISBN:
000 00673nam0 2200265 45
001 0183009278
005 20040430142750.2
010    @dCNY0.70
091    @a4179.306
100    @a19950221d1983 em y0chiy0121 ea
101 0  @achi
102    @aCN@b110000
105    @ay z 000yy
106    @ar
200 10 @a旅游概论@Alv you gai lun@f杨时进, 江新懋著
210    @a北京@c中国旅游出版社@d1983
215    @a196页@d19cm
606    @a旅游@x概论
606 0  @a旅游经济
690    @aF59
701  0 @a杨时进@Ayang shi jin@4著
701  0 @a江新懋@Ajiang xin mao@4著
801  0 @aCN@b上海图书馆@c20040430
801  2 @aCN@bNLC@c20040430
905    @f2@b228815-816@dF59@e2
    
    旅游概论/杨时进, 江新懋著.-北京:中国旅游出版社,1983
    196页;19cm
    
    
    ISBN :CNY0.70
    
●
相关链接 在E读中查询图书 在五车中查询图书 在当当中查询图书 在豆瓣中查询图书


正题名:旅游概论     索取号:F59/2         预约/预借

序号 登录号 条形码 馆藏地/架位号 状态 备注
1 0228815   000487388   密集书库/ [索取号:F59/2] 在馆    
2 0228816   000487397   密集书库/ [索取号:F59/2] 在馆    
3 0228817   000487379   第一样本阅览室/ [索取号:F59/2] 在馆    
唐山师范学院图书馆 欢迎您!
大连网信软件有限公司© 版权所有